| 000 | 00689nam a2200217 i 4500 | ||
|---|---|---|---|
| 001 | 8336 | ||
| 003 | ES-MaACL | ||
| 005 | 20230906145433.0 | ||
| 007 | t| | ||
| 008 | 920505s1991 sp ||||1| spa d | ||
| 020 | _a84-87181-07-4 | ||
| 080 | _a061.12(464.1)Acad. Bellas Artes | ||
| 245 | 0 | 3 | _aEl Libro de la Academia. |
| 260 |
_aMadrid : _bReal Academia de Bellas Artes de San Fernando, _c1991. |
||
| 300 |
_a375 p. : _bil. ; _c31 cm. |
||
| 500 | _aBibliogr.: p. 333-338. | ||
| 500 | _aIndices. | ||
| 610 | 2 |
_aReal Academia de Bellas Artes de San Fernando- _vHistoria. _96292 |
|
| 710 | 2 |
_aReal Academia de Bellas Artes de San Fernando. _96291 |
|
| 852 |
_aES-MaACL _jL-15648 _bR.120205 |
||
| 999 |
_c8336 _d8336 |
||